000 01202cab a2200289 4500
001 WB2739-11
008 090401t1991 xxu||||| |||| 00| 0 eng d
035 _a(Sirsi) u8028
041 _aeng
245 _aCommercial property
260 _c1991
300 _aLOAN
350 _a0
490 _aDaily Telegraph
_v8 October 1991, 25-27(3)
520 _aDiscusses the state of the office market in the City and West End of London , Docklands and the oversupply of available office space in regional cities such as Edinburgh and Newcastle. Profiles ProVision, a computer-based information system designed to match occupiers with available buildings. Suggests retail sector rents show signs of being the first to make a recovery.
650 _aDATABASES
650 _aINFORMATION SYSTEMS
650 _aLONDON DOCKLANDS
650 _aPROPERTY-COMMERCIAL PROPERTY-OFFICE PROPERTY-OFFICE PROPERTY MARKET
650 _aPROPERTY INTELLIGENCE
650 _aRENTAL GROWTH
650 _aPROPERTY-COMMERCIAL PROPERTY-RETAIL PROPERTY-RETAIL PROPERTY MARKET
650 _aTRACE SOLUTIONS
690 _aPROPERTY-COMMERCIAL PROPERTY-COMMERCIAL PROPERTY MARKET
942 _n0
948 _c04/03/1997
999 _c4890
_d4890